Central Library OPAC University of Rajshahi

নীল আকাশের পাখি / (Record no. 36706)

MARC details
000 -LEADER
fixed length control field 00764nam a22002177a 4500
001 - CONTROL NUMBER
control field 36706
003 - CONTROL NUMBER IDENTIFIER
rucl marc code BD-RjUL
005 - DATE AND TIME OF LATEST TRANSACTION
control field 20211209052525.0
008 - FIXED-LENGTH DATA ELEMENTS--GENERAL INFORMATION
fixed length control field 140820s1991 bg ||||| |||| 00| 0 ben d
035 ## - SYSTEM CONTROL NUMBER
System control number (BD-RjUL)36807
040 ## - CATALOGING SOURCE
Original cataloging agency BD-RjUL
Language of cataloging ben
Transcribing agency BD-RjUL
041 ## - LANGUAGE CODE
Language code of text/sound track or separate title ben
082 ## - DEWEY DECIMAL CLASSIFICATION NUMBER
Classification number 891.443
Author mark and year AWN 1991
100 ## - MAIN ENTRY--PERSONAL NAME
Personal name আউয়াল, মোহাম্মদ আবদুল
9 (RLIN) 111946
245 ## - TITLE STATEMENT
Title নীল আকাশের পাখি /
Statement of responsibility, etc. মোহাম্মদ আবদুল আউয়াল
260 ## - PUBLICATION, DISTRIBUTION, ETC. (IMPRINT)
Place of publication, distribution, etc. ঢাকা :
Name of publisher, distributor, etc. সালেহা খাতুন,
Date of publication, distribution, etc. ১৯৯১
300 ## - PHYSICAL DESCRIPTION
Pagination ১১৪ পৃ. ;
Size ২১ সেমি.
650 ## - SUBJECT ADDED ENTRY--TOPICAL TERM
Topical term or geographic name as entry element বাংলা উপন্যাস
9 (RLIN) 157371
651 ## - SUBJECT ADDED ENTRY--GEOGRAPHIC NAME
Materials specified Bengali Fictions
942 ## - ADDED ENTRY ELEMENTS (KOHA)
Source of classification or shelving scheme Dewey Decimal Classification
Koha item type Books
Holdings
Lost status Source of classification or shelving scheme Damaged status Not for loan Collection code Permanent Location Current Location Shelving location Date acquired Source of acquisition Cost, normal purchase price Total Checkouts Full call number Date last seen Copy number Koha item type
  Dewey Decimal Classification     Fiction Central Library, University of Rajshahi Central Library, University of Rajshahi   01/10/1992 Author 35.00   B 891.443 AWN 1991 20/08/2014 C-2 Books
  Dewey Decimal Classification     Fiction Central Library, University of Rajshahi Central Library, University of Rajshahi   01/10/1992 Author 35.00   B 891.443 AWN 1991 20/08/2014 C-3 Books
  Dewey Decimal Classification     Fiction Central Library, University of Rajshahi Central Library, University of Rajshahi   01/10/1992 Author 35.00   B 891.443 AWN 1991 20/08/2014 C-4 Books
  Dewey Decimal Classification     Fiction Central Library, University of Rajshahi Central Library, University of Rajshahi   01/10/1992 Author 35.00   B 891.443 AWN 1991 20/08/2014 C-5 Books
  Dewey Decimal Classification     Fiction Central Library, University of Rajshahi Central Library, University of Rajshahi   01/10/1992 Author 35.00   B 891.443 AWN 1991 20/08/2014 C-6 Books
  Dewey Decimal Classification     Fiction Central Library, University of Rajshahi Central Library, University of Rajshahi   01/10/1992 Author 35.00   B 891.443 AWN 1991 20/08/2014 C-7 Books
  Dewey Decimal Classification     Fiction Central Library, University of Rajshahi Central Library, University of Rajshahi   01/10/1992 Author 35.00   B 891.443 AWN 1991 20/08/2014 C-8 Books
  Dewey Decimal Classification     Fiction Central Library, University of Rajshahi Central Library, University of Rajshahi   01/10/1992 Author 35.00   B 891.443 AWN 1991 20/08/2014 C-9 Books
  Dewey Decimal Classification   Not For Loan Fiction Central Library, University of Rajshahi Central Library, University of Rajshahi Reading Room 01/10/1992 Author 35.00   B 891.443 AWN 1991 20/08/2014 C-1 Books